| 000 | 00000nam 2200000zi 4500 |
| 001 | 9.924648 |
| 003 | CaOODSP |
| 005 | 20240213150153 |
| 006 | m o d f |
| 007 | cr ||||||||||| |
| 008 | 230630t20232023onco o f000 0 eng d |
| 020 | |a9780660493350 |
| 040 | |aCaOODSP|beng|erda|cCaOODSP |
| 041 | 1 |aeng|bfre |
| 043 | |an-cn--- |
| 086 | 1 |aH14-442/2023E-PDF |
| 245 | 00|aCanada dental benefit baseline survey : |bfinal report / |cprepared for Health Canada. |
| 264 | 1|aOttawa, Ontario : |bHealth Canada = Santé Canada, |c2023. |
| 264 | 4|c©2023 |
| 300 | |a1 online resource (114 pages) : |bcolour photographs + |eexecutive summary (10 pages) |
| 336 | |atext|btxt|2rdacontent |
| 337 | |acomputer|bc|2rdamedia |
| 338 | |aonline resource|bcr|2rdacarrier |
| 500 | |a"Supplier name: The Strategic Counsel." |
| 500 | |a"Contract number: CW2271909." |
| 500 | |a"Registration number: POR 126-22." |
| 500 | |a"HC POR – 22-32." |
| 500 | |a"March 2023." |
| 500 | |aIssued also in French under title: Enquête de référence sur la prestation dentaire canadienne : rapport final. |
| 546 | |aIncludes text in French. |
| 650 | 0|aAdvertising campaigns|zCanada|xPublic opinion. |
| 650 | 0|aGovernment advertising|zCanada|xPublic opinion. |
| 650 | 0|aDental insurance|zCanada|xPublic opinion. |
| 650 | 0|aPublic opinion|zCanada. |
| 650 | 0|aParents|zCanada|xAttitudes. |
| 710 | 1 |aCanada. |bHealth Canada, |eissuing body. |
| 710 | 2 |aStrategic Counsel (Firm), |econsultant. |
| 775 | 08|tEnquête de référence sur la prestation dentaire canadienne : |w(CaOODSP)9.924649 |
| 794 | |tCanada dental benefit - expanded baseline survey : |b(September 2023)|w(CaOODSP)9.932213 |
| 856 | 40|qPDF|s4.50 MB|uhttps://publications.gc.ca/collections/collection_2023/sc-hc/H14-442-2023-eng.pdf|zFinal report |
| 856 | 40|qPDF|s394 KB|uhttps://publications.gc.ca/collections/collection_2023/sc-hc/H14-442-2023-1-eng.pdf|zExecutive summary |
| 856 | 4 |qHTML|sN/A|uhttps://epe.bac-lac.gc.ca/100/200/301/pwgsc-tpsgc/por-ef/health/2023/126-22-e/report.html|zFinal report |
| 856 | 4 |qHTML|sN/A|uhttps://epe.bac-lac.gc.ca/100/200/301/pwgsc-tpsgc/por-ef/health/2023/126-22-e/summary/summary.html|zExecutive summary |